01157pab a2200169 454500008004000000100002000040245007600060260000900136300001500145362001200160520071300172650001800885650001100903650001400914650001500928773004400943180718b2008 xxu||||| |||| 00| 0 eng d aYadav, Gopal J. aCorruption among nations: Impact of education, income and globalisation c2008 ap.221-235. aApr-Jun aCorruption has come to be viewed as an important factor affecting economic, political and social lives both in developed as well as developing countries. it has become almost omnipresent, existing in all geographical areas, in all stages of economic development and every kind of government. This article attempts to analyse whether there exists any relationship between the corruption level of the countries and their per capita income, education level and exposure to outside world. The article notes that narrowly focussed frontal attacks on corruption in developing countries have not been successful because such efforts fail to tackle broader underlying factors that create or sustain it. - Reproduced. aGlobalization aIncome aEducation aCorruption aIndian Journal of Public Administration